000 00656nam a22002297a 4500
003 UA-OsUOA
001 38434
007 ta
008 20060510b un ||||| |||| 00| 0 ukr d
090 _a159.923:658
_bП37
942 _cBK
040 _aUA-OsUOA
_brus
_cUA-OsUOA
_dUA-OsUOA
245 _aПсихологические типологии
_bпособие для менеджеров и практических психологов
300 _a512 с.
955 _a2
041 _arus
080 _a159.923:658
020 _a5-9268-0322-5
260 _aСПб
_bРечь
_c2004
650 7 _a159.9 Психологія
_2UDC
999 _c324588
_d324588